Statistics for NCIS Actors

Click here to take the quiz!

General Stats

  • This quiz has been taken 41 times
  • The average score is 7 of 15

Answer Stats

HintAnswer% Correct
Leroy Jethro GibbsMark Harmon
97%
Ziva DavidCote De Pablo
89%
Leon VanceRocky Carroll
69%
Caitlan ToddSasha Alexander
69%
Timothy McgeeSean Murray
63%
Donald Mallard aka DuckyDavid McCallum
60%
Ellie BishopEmily Wickersham
57%
Abby SciutoPauley Perrette
51%
Jimmy PalmerBrian Dietzen
49%
Jenny ShepherdLauren Holly
40%
Tobias FornellJoe Spano
34%
Anthony Dinozzo SnrRobert Wagner
26%
Anthony Dinozzo aka TonyMicheal Weatherly
17%
Mike FranksMuse Watson
14%
Delilah FieldingMargo Harshman
9%

Score Distribution

Percentile by Number Answered

Percent of People with Each Score

Your Score History

You have not taken this quiz